The history of the managements of Cardinal Julio Mazarine, chief minister of state of the crown of France, in three parts. in the which are related the principal affairs from the infancy of this present King Lewis the 14th ... Second part :

Bibliographic Details
Main Author: Gualdo Priorato, Galeazzo, conte, 1606-1678
Format: eBook
Language:English
Published: London : Printed and are to be sold by S. Keble ... and Daniel Brown ..., 1691.
Series:Early English books online.
Subjects:
Online Access:Connect to the full text of this electronic book

MARC

Tag First Indicator Second Indicator Subfields
LEADER 00000nam a2200000Ia 4500
001 in00004301913
005 20200810085134.0
006 m g d
007 cr bn |||a|bb|
008 861021s1691 enk o 001 | eng d
035 |a (OCoLC)14443940 
040 |a EAG  |c EAG  |d m/c  |d UMI  |d WaOLN 
037 |a CL0037000035  |b ProQuest Information and Learning. 300 N. Zeeb Rd., Ann Arbor, MI 48106 
041 1 |a eng  |h ita 
043 |a e-fr--- 
045 1 |b d1643  |b d1715 
090 |a DC130.M4  |b G82 1691 
049 |a UMIA 
100 1 |a Gualdo Priorato, Galeazzo,  |c conte,  |d 1606-1678. 
240 1 0 |a Historia del ministerio del cardinale Giulio Mazarino.  |l English 
245 1 4 |a The history of the managements of Cardinal Julio Mazarine, chief minister of state of the crown of France, in three parts.  |n Second part :  |b in the which are related the principal affairs from the infancy of this present King Lewis the 14th ... 
260 |a London :  |b Printed and are to be sold by S. Keble ... and Daniel Brown ...,  |c 1691. 
300 |a 1 online resource ([2], 373, [15] pages) 
336 |a text  |b txt  |2 rdacontent 
337 |a computer  |b c  |2 rdamedia 
338 |a online resource  |b cr  |2 rdacarrier 
500 |a Translation of Part II of: Historia del ministerio del cardinale Giulio Mazarino. 
500 |a Includes index. 
500 |a Reproduction of original in the University of Illinois (Urbana-Champaign Campus). Library. 
510 4 |a Wing  |c G2170 
533 |a Electronic reproduction.  |b Ann Arbor, Mich. :  |c UMI,  |d 1999-  |f (Early English books online)  |n Digital version of: (Early English books, 1641-1700 ; 1060:3)  |7 s1999 miun s 
600 1 0 |a Mazarin, Jules,  |d 1602-1661. 
651 0 |a France  |x History  |y Louis XIV, 1643-1715. 
830 0 |a Early English books online. 
856 4 0 |u http://proxy.library.tamu.edu/login?url=https://search.proquest.com/docview/2248503309  |z Connect to the full text of this electronic book  |t 0 
999 f f |s 03f39cf2-c2e5-36a4-8719-319673ac35d1  |i af195870-b957-398c-8ac9-22aa18315d43  |t 0 
952 f f |a Texas A&M University  |b College Station  |c Electronic Resources  |d Available Online  |t 0  |e DC130.M4 G82 1691  |h Library of Congress classification 
998 f f |a DC130.M4 G82 1691  |t 0  |l Available Online